Enchanted - That's How You Know - Statistics

General Stats
  • This quiz has been taken 6 times
  • The average score is 321 of 435
Answer Stats
Lyric % Correct
do
100%
does
100%
he
100%
He
100%
her?
100%
her
100%
her,
100%
her)
100%
he's
100%
He's
100%
How
100%
"How
100%
how
100%
(How
100%
I
100%
Just
100%
just
100%
know
100%
know,
100%
know (x12)
100%
love
100%
loves
100%
on
100%
really,
100%
she
100%
show
100%
so
100%
take
100%
that
100%
the
100%
truly
100%
you
100%
You
100%
you?
100%
your
100%
can
80%
dancing
80%
me?"
80%
mine?"
80%
out
80%
That's
80%
that's
80%
a
60%
A
60%
are
60%
eyes
60%
flowers
60%
for
60%
granted
60%
granted!)
60%
is
60%
match
60%
wear
60%
yours?
60%
yours
60%
be
40%
by
40%
close?
40%
color
40%
ever
40%
favorite
40%
hold
40%
It's
40%
(It's
40%
little
40%
one
40%
she's
40%
to
40%
To
40%
Well,
40%
when
40%
will
40%
after
20%
day
20%
Each
20%
find
20%
fire's
20%
glow!
20%
got
20%
grey?
20%
happily
20%
He'll
20%
he'll
20%
Hey!
20%
his
20%
His
20%
knows
20%
mind?
20%
mind
20%
need
20%
new
20%
not
20%
say
20%
sky
20%
something
20%
Something
20%
tell
20%
things
20%
true
20%
way
20%
with
20%
With
20%
Because
0%
believe
0%
bit
0%
Dedicate
0%
Don't
0%
enough
0%
every
0%
Everybody
0%
everyday
0%
forever
0%
heart
0%
inclined
0%
(La) (x5)
0%
(La) (x8)
0%
lead
0%
leave
0%
like
0%
live
0%
meant
0%
must
0%
note
0%
or
0%
own
0%
picnic
0%
private
0%
reader
0%
reader)
0%
remind
0%
Rent
0%
Send
0%
she'll
0%
song
0%
their
0%
treat
0%
wants
0%
words
0%
yellow
0%
You've
0%
(You've
0%
No matching quizzes found
Score Distribution
Percent of People with Each Score
Percentile by Number Answered
Your Score History
You have not taken this quiz